000 00741nam a22002297a 4500
003 UA-OsUOA
001 67566
007 ta
008 20100303b un ||||| |||| 00| 0 ukr d
090 _a343.9(477)
_bД38
942 _cBK
040 _aUA-OsUOA
_brus
_cUA-OsUOA
_dUA-OsUOA
245 _aДетерминация и предупреждение преступности среди персонала органов внутренних дел Украины
_bМонография
300 _a496 с.
955 _a2
041 _arus
080 _a343.9(477)
020 _a099-610-143-2
260 _aХарків
_c2005
650 7 _a343 Кримінальне право. Карні порушення
_2UDC
999 _c353555
_d353555